000 02096nam a2200265Ia 4500
999 _c36781
_d36781
001 2720
003 GE_BSU
005 20190605201338.0
008 181216s2012||||ge |||||||||||||| ||geo||
020 _a
040 _cGE_BSU
041 _ageo
080 _a378.4(479.223)(063)+94(479.223) ჩ-55
245 _cრედ. მანუჩარ ლორია ; სარედ. საბჭო: მიტროპოლიტი ანანია (ჯაფარიძე) [და სხვ.] ; შ. რუსთაველის სახელმწიფო უნ-ტი ; ქრისტიანული კულტურის კვლევის ცენტრი ; სამეცნ. ცენტრი-ნ. ბერძენიშვილის ჰუმანიტარულ-სოც. მიმართულების ისტორიული და არქეოლოგიური განყოფილება.
_aჩვენი სულიერების ბალავარი :
_bტ. 4 : სამეცნიერო კონფერენციის მასალები /
264 _aთბილისი :
_bუნივერსალი,
_c2012.
300 _a285 გვ.;
_b20 სმ.
520 _a რეზ. და ბიბლიოგრ. თავების ბოლოს ქართ. და ინგლ.
653 _aრელიგია
653 _aქრისტიანული კულტურის კვლევა
700 _aლორია, მანუჩარ
_eრედაქტორი
_92194
700 _aბარამიძე, ნოდარ
_eრედაქტორი
_9377
710 _a საქ. განათლებისა და მეცნიერების სამინისტრო
_92195
710 _aშ. რუსთაველის სახელმწიფო უნივერსიტეტი;
_bქრისტიანული კულტურის კვლევის ცენტრი
_92196
942 _cBK
_2udc